000 00522nam a2200205Ia 4500
003 0100
008 130303s9999 xx 000 0 und d
020 _a521633664
040 _cARRUPELIB
050 _aJC311.S771998
245 4 _aThe State of the nation
245 _bErnest Gellner and the theory of Nationalism
260 _aCambridge
260 _bCambridge University Press
260 _C1998
300 _avii
300 _b 317 p. 24 cm
700 _aedited by John A. Hall , Hall, John A
942 0 0 _03
999 _c12985
_d12985